2da estacion / (Record no. 24386)
[ view plain ]
| 000 -LEADER | |
|---|---|
| fixed length control field | 00653cam a22002414a 4500 |
| 001 - CONTROL NUMBER | |
| control field | sjds15397867 |
| 003 - CONTROL NUMBER IDENTIFIER | |
| control field | sjds |
| 005 - DATE AND TIME OF LATEST TRANSACTION | |
| control field | 20200311130241.0 |
| 008 - FIXED-LENGTH DATA ELEMENTS--GENERAL INFORMATION | |
| fixed length control field | 080805s2006 ho 000 0 spa |
| 010 ## - LIBRARY OF CONGRESS CONTROL NUMBER | |
| LC control number | 2008449866 |
| 020 ## - INTERNATIONAL STANDARD BOOK NUMBER | |
| International Standard Book Number | 9992667478 |
| 020 ## - INTERNATIONAL STANDARD BOOK NUMBER | |
| International Standard Book Number | 9789992667477 |
| 040 ## - CATALOGING SOURCE | |
| Original cataloging agency | DLC |
| Transcribing agency | DLC |
| 041 ## - LANGUAGE CODE | |
| Language code of text/sound track or separate title | spa |
| 050 00 - LIBRARY OF CONGRESS CALL NUMBER | |
| Classification number | PQ7509.3.F56 |
| Item number | A13 2006 |
| 100 1# - MAIN ENTRY--PERSONAL NAME | |
| Personal name | Florian, Edgardo, |
| Dates associated with a name | 1975- |
| 245 10 - TITLE STATEMENT | |
| Title | 2da estacion / |
| Statement of responsibility, etc. | Edgardo Florian. |
| 246 3# - VARYING FORM OF TITLE | |
| Title proper/short title | Segunda estacion |
| 260 ## - PUBLICATION, DISTRIBUTION, ETC. (IMPRINT) | |
| Place of publication, distribution, etc. | Tegucigalpa : |
| Name of publisher, distributor, etc. | Ixbalam Editores, |
| Date of publication, distribution, etc. | 2006. |
| 300 ## - PHYSICAL DESCRIPTION | |
| Extent | 97 p. ; |
| Dimensions | 22 cm. |
| 942 ## - ADDED ENTRY ELEMENTS (KOHA) | |
| Koha item type | Libro/Book |
| Source of classification or shelving scheme | Dewey Decimal Classification |
No items available.